000 00317nam a22001097a 4500
008 230606b xxu||||| |||| 00| 0 eng d
082 _a354.27
_bNTA
245 _aCitizen's CDF Report Card
_bBudalangiconstituency, bunyala district
260 _bnational taxpayers associations
_cfeb 2010
300 _a61p
942 _2ddc
_cBK
999 _c653
_d653